| 000 | 00869cab a2200241 4500 | ||
|---|---|---|---|
| 001 | ABS58184 | ||
| 008 | 090401t1998 xxu||||| |||| 00| 0 eng d | ||
| 035 | _a(Sirsi) u83230 | ||
| 041 | _aeng | ||
| 100 | _aPurcell, S. | ||
| 245 | _aRent reviews: the surveyor`s approach (2) | ||
| 260 | _c1998 | ||
| 350 | _a0 | ||
| 490 |
_aSolicitors` Journal _v142(2) 16 January 1998, 44(1) |
||
| 520 | _aReviews the valuation implications on rent reviews of some of the main provisions in the lease terms, considering the effect on value of assumptions on the length of lease use, alienation and alteration provisions, and onerous repairing assumptions. See also ABS58072. | ||
| 650 | _aALIENATION | ||
| 650 | _aLEASE TERMS | ||
| 650 | _aRENT REVIEWS | ||
| 650 |
_aValuation _96273 |
||
| 690 | _aLANDLORD AND TENANT-RENT REVIEWS | ||
| 942 | _n0 | ||
| 948 | _c21/01/1998 | ||
| 999 |
_c52556 _d52556 |
||